000 00540nam a2200217Ia 4500
003 GCL
005 20240530110923.0
008 140319s2006 nyuae 000 0 eng d
020 _a9783832791247
040 _aGCL /
_cGCL
082 0 4 _a747.3/
_bCD
100 1 _aCorcuera, Antonio
245 1 0 _aDoor & Window Design /
_cAntonio Corcuera
260 _aNew York :
_bTeneues ،
_c.2006
300 _a135 P. :
_bill ;
_c24 cm.
650 0 4 _aARTS
650 0 4 _aWINDOWS
650 0 4 _aINTERIOR DESIGN
650 0 4 _aDOORS
942 _2ddc
_cBK
999 _c66516
_d66516